| 000 | 00626nam a22002177a 4500 | ||
|---|---|---|---|
| 999 |
_c9155 _d9155 |
||
| 003 | AR-CdUCM | ||
| 008 | 190327b ||||| |||| 00| 0 spa d | ||
| 040 |
_aMUNICIPALIDAD PROVINCIAL DEL CUSCO _cBIBLIOTECA MUNICIPAL DEL CUSCO |
||
| 082 |
_a869.56 / _bR91 |
||
| 100 |
_aRubio, Abel _917211 |
||
| 245 |
_aLa madre : _bEn los mejores poemas peruanos / |
||
| 260 |
_aLima : _bMicenas, _c1978. |
||
| 300 |
_a114 páginas ; _c19 cm. |
||
| 505 | _aContenido: Poesías. | ||
| 650 |
_aLiteratura Peruana _9132 |
||
| 650 |
_aSiglo XX _98 |
||
| 650 |
_aPoesía _9139 |
||
| 650 |
_aMadre _95235 |
||
| 942 |
_2ddc _cLIBROS |
||
| 945 | _aachl | ||